<?xml version="1.0" encoding="UTF-8"?>
<record
    xmlns:xsi="http://www.w3.org/2001/XMLSchema-instance"
    xsi:schemaLocation="http://www.loc.gov/MARC21/slim http://www.loc.gov/standards/marcxml/schema/MARC21slim.xsd"
    xmlns="http://www.loc.gov/MARC21/slim">

  <leader>00657nam a22001337a 4500</leader>
  <datafield tag="040" ind1=" " ind2=" ">
    <subfield code="c">RUA</subfield>
  </datafield>
  <datafield tag="082" ind1=" " ind2=" ">
    <subfield code="a">AGR TOU 2015 B516 Or.1</subfield>
  </datafield>
  <datafield tag="100" ind1=" " ind2=" ">
    <subfield code="a">TOUCH SOVANTHIDA; &#x1791;&#x17BC;&#x1785; &#x179F;&#x17BB;&#x179C;&#x178E;&#x17D2;&#x178E;&#x1792;&#x17B8;&#x178F;&#x17B6;</subfield>
  </datafield>
  <datafield tag="245" ind1=" " ind2=" ">
    <subfield code="a">Effect of weed management on celey cabbage at royal university of agriculture; &#x17A5;&#x1791;&#x17D2;&#x1792;&#x17B7;&#x1796;&#x179B;&#x1793;&#x17C3;&#x1780;&#x17B6;&#x179A;&#x1782;&#x17D2;&#x179A;&#x1794;&#x17CB;&#x1782;&#x17D2;&#x179A;&#x1784;&#x179F;&#x17D2;&#x1798;&#x17C5;&#x1785;&#x1784;&#x17D2;&#x179A;&#x17C3;&#x179B;&#x17BE;&#x178A;&#x17C6;&#x178E;&#x17B6;&#x17C6;&#x179F;&#x17D2;&#x1796;&#x17C3;&#x1785;&#x1784;&#x17D2;&#x1780;&#x17B9;&#x17C7;&#x1793;&#x17C5;&#x1780;&#x17D2;&#x1793;&#x17BB;&#x1784;&#x179F;&#x17B6;&#x1780;&#x179B;&#x179C;&#x17B7;&#x1791;&#x17D2;&#x1799;&#x17B6;&#x179B;&#x17D0;&#x1799;&#x1797;&#x17BC;&#x1798;&#x17B7;&#x1793;&#x17D2;&#x1791;&#x1780;&#x179F;&#x17B7;&#x1780;&#x1798;&#x17D2;&#x1798;</subfield>
  </datafield>
  <datafield tag="260" ind1=" " ind2=" ">
    <subfield code="a">Phnom Penh</subfield>
    <subfield code="b">RUA</subfield>
    <subfield code="c">2015</subfield>
  </datafield>
  <datafield tag="300" ind1=" " ind2=" ">
    <subfield code="a">xi; 49p;</subfield>
    <subfield code="b">ill;</subfield>
    <subfield code="c">29cm;</subfield>
  </datafield>
  <datafield tag="856" ind1=" " ind2=" ">
    <subfield code="u">TOUCH SOVANTHIDA</subfield>
  </datafield>
  <datafield tag="942" ind1=" " ind2=" ">
    <subfield code="c">AGR</subfield>
  </datafield>
  <datafield tag="999" ind1=" " ind2=" ">
    <subfield code="c">10542</subfield>
    <subfield code="d">10542</subfield>
  </datafield>
  <datafield tag="952" ind1=" " ind2=" ">
    <subfield code="0">0</subfield>
    <subfield code="1">0</subfield>
    <subfield code="2">ddc</subfield>
    <subfield code="4">0</subfield>
    <subfield code="6">AGR_TOU_2015_000000000000000_B516_OR_1</subfield>
    <subfield code="7">0</subfield>
    <subfield code="9">54437</subfield>
    <subfield code="a">LBB</subfield>
    <subfield code="b">LBB</subfield>
    <subfield code="c">B516</subfield>
    <subfield code="d">2016-10-26</subfield>
    <subfield code="o">AGR TOU 2015 B516 Or.1</subfield>
    <subfield code="p">A02522</subfield>
    <subfield code="r">2016-10-26</subfield>
    <subfield code="w">2016-10-26</subfield>
    <subfield code="y">AGR</subfield>
  </datafield>
  <datafield tag="952" ind1=" " ind2=" ">
    <subfield code="0">0</subfield>
    <subfield code="1">0</subfield>
    <subfield code="2">ddc</subfield>
    <subfield code="4">0</subfield>
    <subfield code="6">AGR_TOU_2015_000000000000000_B516_OR_2</subfield>
    <subfield code="7">0</subfield>
    <subfield code="9">54438</subfield>
    <subfield code="a">LBB</subfield>
    <subfield code="b">LBB</subfield>
    <subfield code="c">B516</subfield>
    <subfield code="d">2016-10-26</subfield>
    <subfield code="l">1</subfield>
    <subfield code="o">AGR TOU 2015 B516 Or.2</subfield>
    <subfield code="p">A02447</subfield>
    <subfield code="r">2018-11-26</subfield>
    <subfield code="s">2018-11-12</subfield>
    <subfield code="w">2016-10-26</subfield>
    <subfield code="y">AGR</subfield>
  </datafield>
  <datafield tag="952" ind1=" " ind2=" ">
    <subfield code="0">0</subfield>
    <subfield code="1">0</subfield>
    <subfield code="2">ddc</subfield>
    <subfield code="4">0</subfield>
    <subfield code="6">AGR_TOU_2015_000000000000000_B516_OR_3</subfield>
    <subfield code="7">0</subfield>
    <subfield code="9">54439</subfield>
    <subfield code="a">LBB</subfield>
    <subfield code="b">LBB</subfield>
    <subfield code="c">B516</subfield>
    <subfield code="d">2016-10-26</subfield>
    <subfield code="l">2</subfield>
    <subfield code="o">AGR TOU 2015 B516 Or.3</subfield>
    <subfield code="p">A01479</subfield>
    <subfield code="r">2018-11-13</subfield>
    <subfield code="s">2018-11-13</subfield>
    <subfield code="w">2016-10-26</subfield>
    <subfield code="y">AGR</subfield>
  </datafield>
  <datafield tag="952" ind1=" " ind2=" ">
    <subfield code="0">0</subfield>
    <subfield code="1">0</subfield>
    <subfield code="2">ddc</subfield>
    <subfield code="4">0</subfield>
    <subfield code="6">AGR_TOU_2015_000000000000000_B516_OR_4</subfield>
    <subfield code="7">0</subfield>
    <subfield code="9">54440</subfield>
    <subfield code="a">LBB</subfield>
    <subfield code="b">LBB</subfield>
    <subfield code="c">B516</subfield>
    <subfield code="d">2016-10-26</subfield>
    <subfield code="o">AGR TOU 2015 B516 Or.4</subfield>
    <subfield code="p">A02295</subfield>
    <subfield code="r">2016-10-26</subfield>
    <subfield code="w">2016-10-26</subfield>
    <subfield code="y">AGR</subfield>
  </datafield>
  <datafield tag="952" ind1=" " ind2=" ">
    <subfield code="0">0</subfield>
    <subfield code="1">0</subfield>
    <subfield code="2">ddc</subfield>
    <subfield code="4">0</subfield>
    <subfield code="6">AGR_TOU_2015_000000000000000_B516_OR_5</subfield>
    <subfield code="7">0</subfield>
    <subfield code="9">54441</subfield>
    <subfield code="a">LBB</subfield>
    <subfield code="b">LBB</subfield>
    <subfield code="c">B516</subfield>
    <subfield code="d">2016-10-26</subfield>
    <subfield code="o">AGR TOU 2015 B516 Or.5</subfield>
    <subfield code="p">A02285</subfield>
    <subfield code="r">2016-10-26</subfield>
    <subfield code="w">2016-10-26</subfield>
    <subfield code="y">AGR</subfield>
  </datafield>
  <datafield tag="952" ind1=" " ind2=" ">
    <subfield code="0">0</subfield>
    <subfield code="1">0</subfield>
    <subfield code="2">ddc</subfield>
    <subfield code="4">0</subfield>
    <subfield code="6">AGR_TOU_2015_000000000000000_B516_OR_6</subfield>
    <subfield code="7">0</subfield>
    <subfield code="9">54442</subfield>
    <subfield code="a">LBB</subfield>
    <subfield code="b">LBB</subfield>
    <subfield code="c">B516</subfield>
    <subfield code="d">2016-10-26</subfield>
    <subfield code="o">AGR TOU 2015 B516 Or.6</subfield>
    <subfield code="p">A01872</subfield>
    <subfield code="r">2016-10-26</subfield>
    <subfield code="w">2016-10-26</subfield>
    <subfield code="y">AGR</subfield>
  </datafield>
  <datafield tag="952" ind1=" " ind2=" ">
    <subfield code="0">0</subfield>
    <subfield code="1">0</subfield>
    <subfield code="2">ddc</subfield>
    <subfield code="4">0</subfield>
    <subfield code="6">AGR_TOU_2015_000000000000000_B516_OR_7</subfield>
    <subfield code="7">0</subfield>
    <subfield code="9">54443</subfield>
    <subfield code="a">LBB</subfield>
    <subfield code="b">LBB</subfield>
    <subfield code="c">B516</subfield>
    <subfield code="d">2016-10-26</subfield>
    <subfield code="o">AGR TOU 2015 B516 Or.7</subfield>
    <subfield code="p">A01947</subfield>
    <subfield code="r">2016-10-26</subfield>
    <subfield code="w">2016-10-26</subfield>
    <subfield code="y">AGR</subfield>
  </datafield>
  <datafield tag="952" ind1=" " ind2=" ">
    <subfield code="0">0</subfield>
    <subfield code="1">0</subfield>
    <subfield code="2">ddc</subfield>
    <subfield code="4">0</subfield>
    <subfield code="6">AGR_TOU_2015_000000000000000_B516_OR_8</subfield>
    <subfield code="7">0</subfield>
    <subfield code="9">54444</subfield>
    <subfield code="a">LBB</subfield>
    <subfield code="b">LBB</subfield>
    <subfield code="c">B516</subfield>
    <subfield code="d">2016-10-26</subfield>
    <subfield code="l">2</subfield>
    <subfield code="o">AGR TOU 2015 B516 Or.8</subfield>
    <subfield code="p">A00430</subfield>
    <subfield code="r">2017-08-14</subfield>
    <subfield code="s">2017-07-31</subfield>
    <subfield code="w">2016-10-26</subfield>
    <subfield code="y">AGR</subfield>
  </datafield>
</record>
